书目信息 |
| 题名: |
林木良种育苗技术
|
|
| 作者: | 盛淑艳 主编 | |
| 分册: | ||
| 出版信息: | 沈阳 辽宁科学技术出版社 2013.03 |
|
| 页数: | 95页 | |
| 开本: | 26cm | |
| 丛书名: | ||
| 单 册: | ||
| 中图分类: | S722.8 , S723.1 | |
| 科图分类: | ||
| 主题词: | 林木育种--良种繁育--研究 , 林木--育苗--研究 , 林木育种 , 良种繁育 , 林木 , 育苗 | |
| 电子资源: | ||
| ISBN: | 978-7-5381-7912-5 | |
| 000 | 01106nam0 2200349 450 | |
| 001 | 010050027770 | |
| 005 | 20140609084659.64 | |
| 010 | @a978-7-5381-7912-5@dCNY30.00 | |
| 100 | @a20130423d2013 em y0chiy0110 ea | |
| 101 | 0 | @achi |
| 102 | @aCN@b210000 | |
| 105 | @ay z 000yy | |
| 106 | @ar | |
| 200 | 1 | @a林木良种育苗技术@9lin mu liang zhong yu miao ji shu@f盛淑艳主编 |
| 210 | @a沈阳@c辽宁科学技术出版社@d2013.03 | |
| 215 | @a95页@d26cm | |
| 300 | @a辽宁省优秀自然科学著作 辽宁科协资助 | |
| 312 | @a封面英文题名:Forest seed nursery technology | |
| 330 | @a本书共分为四章,主要内容包括:国内外发展现状;林业苗木产业发展模式;林业苗木生产基地的建设;育苗技术个论。 | |
| 333 | @a林木良种繁育研究人员 | |
| 510 | 1 | @aForest seed nursery technology@zeng |
| 606 | 0 | @a林木育种@x良种繁育@x研究 |
| 606 | 0 | @a林木@x育苗@x研究 |
| 606 | 0 | @a林木育种 |
| 606 | 0 | @a良种繁育 |
| 606 | 0 | @a林木 |
| 606 | 0 | @a育苗 |
| 690 | @aS722.8@v5 | |
| 690 | @aS723.1@v5 | |
| 701 | 0 | @a盛淑艳@9sheng shu yan@f(1961-)@4主编 |
| 801 | 0 | @aCN@b人天书店@c20130423 |
| 905 | @b548325-28@dS722.8@e60@f4 | |
| 林木良种育苗技术/盛淑艳主编.-沈阳:辽宁科学技术出版社,2013.03 |
| 95页;26cm |
| 辽宁省优秀自然科学著作 辽宁科协资助.-使用对象:林木良种繁育研究人员 |
| ISBN 978-7-5381-7912-5:CNY30.00 |
| 本书共分为四章,主要内容包括:国内外发展现状;林业苗木产业发展模式;林业苗木生产基地的建设;育苗技术个论。 |
| ● |
| 相关链接 |
|
|
|
|
正题名:林木良种育苗技术
索取号:S722.8/60
 
预约/预借
| 序号 | 登录号 | 条形码 | 馆藏地/架位号 | 状态 | 备注 |
| 1 | 548325 | 205483252 | 第二样本阅览室/ [索取号:S722.8/60] | 在馆 | |
| 2 | 548326 | 205483261 | 生命科学系资料室/ [索取号:S722.8/60] | 在馆 | |
| 3 | 548327 | 205483270 | 第三借阅区/ [索取号:S722.8/60] | 在馆 | |
| 4 | 548328 | 205483289 | 第三借阅区/ [索取号:S722.8/60] | 在馆 |